000 01132nam a2200277 a 4500
003 BD-RjUL
005 20211215155423.0
008 211215s1962 iq 000 0 ara d
035 _a(BD-RjUL)
040 _aNNL
_cBD-RjUL
_beng
041 0 _aara
082 _223
_a892.7109
_bAME 1962
100 1 _aالاميني، محمد هادي ;; Al-Amini, Muhammad Hadi
_9203
245 1 0 _aعيد الغدير في عهد الفاطميين;; eid alghadir fi eahd alfatimiiyn /
_cتأليف محمد هادى الامينى ;; Mohamad Hadi Al-Amini. .
250 _aالطبعة الاولى
260 _aالنجف :
_bمطبعة القضاء،
_c1962[م] ١٣٨٢[هج].
300 _a160ص.
_c22 cm
490 1 _aStudies in the literature of Fatimid Egypt; ;; دراسات في ادب مصر الفاطمية ؛
_v1
650 4 _aArabic poetry
_y750-1258
_xHistory and criticism
_9204
650 4 _aFatimites
_9205
650 4 _aʻĪd al-Ghadīr in literature
_9206
650 4 _aʻĪd al-Ghadīr
_9207
830 0 _aدراسات في ادب مصر الفاطمية ؛
_v1.
_9208
942 _2ddc
_cBK
990 _auniversities
999 _c79005
_d79005